<?xml version="1.0" encoding="UTF-8"?>
<record
    xmlns:xsi="http://www.w3.org/2001/XMLSchema-instance"
    xsi:schemaLocation="http://www.loc.gov/MARC21/slim http://www.loc.gov/standards/marcxml/schema/MARC21slim.xsd"
    xmlns="http://www.loc.gov/MARC21/slim">

  <leader>02138nam a2200313 a 4500</leader>
  <controlfield tag="005">20200104041603.0</controlfield>
  <controlfield tag="008">140127b2005    ck ||||| |||| 00| 0 spa d</controlfield>
  <datafield tag="040" ind1=" " ind2=" ">
    <subfield code="c">CO-BoIH</subfield>
  </datafield>
  <datafield tag="041" ind1=" " ind2=" ">
    <subfield code="a">spa</subfield>
  </datafield>
  <datafield tag="044" ind1=" " ind2=" ">
    <subfield code="a">ck</subfield>
  </datafield>
  <datafield tag="090" ind1=" " ind2=" ">
    <subfield code="a">IAVH</subfield>
    <subfield code="b">00611</subfield>
  </datafield>
  <datafield tag="100" ind1=" " ind2=" ">
    <subfield code="a">Lizcano, Diego Jos&#xE9;</subfield>
    <subfield code="9">5225</subfield>
  </datafield>
  <datafield tag="245" ind1=" " ind2=" ">
    <subfield code="a">H&#xE1;bitat id&#xF3;neo, actitudes de los campesinos y an&#xE1;lisis de la informaci&#xF3;n disponible de la danta de monta&#xF1;a (Tapirus pinchaque) en el Eje cafetero</subfield>
  </datafield>
  <datafield tag="260" ind1=" " ind2=" ">
    <subfield code="a">Bogot&#xE1;</subfield>
    <subfield code="b">Instituto Alexander von Humboldt</subfield>
    <subfield code="c">2005</subfield>
  </datafield>
  <datafield tag="300" ind1=" " ind2=" ">
    <subfield code="a">35 p.</subfield>
  </datafield>
  <datafield tag="520" ind1=" " ind2=" ">
    <subfield code="a">Se estudiaron cuatro variables ambientales que mostraron un alto valor en el factor de especializaci&#xF3;n: la pendiente, la altitud, la vegetaci&#xF3;n y la exposici&#xF3;n. De acuerdo con el an&#xE1;lisis el h&#xE1;bitat id&#xF3;neo de la danta est&#xE1; compuesto por lugares de pendiente moderada a alta, en altitudes entre 2800-3400 m, con vegetaci&#xF3;n densa y sin borde y con tendencia a la exposici&#xF3;n oeste-sur, pero al mismo tiempo con tendencia a la cercan&#xED;a a los r&#xED;os y quebradas.Por otro lado se encontr&#xF3; que la percepci&#xF3;n general hacia la danta de monata&#xF1;a en el eje cafetero es negativa, debido principalmente a que la mayor&#xED;a de los entrevistados considera que la danta no les ha traido beneficios y que es perjudicial para sus cultivos. Sin embargo a un alto porcentaje le importar&#xED;a si las dantas se exinguieran en su zona. Se recomienda establecer programas de educaci&#xF3;n ambiental y sensibilizaci&#xF3;n dentro del PNN Los Nevados, empezando por las fincas m&#xE1;s aisladas y que tienen potencialmente mayor influencia sobre el h&#xE1;bitat de la danta. Este documento incluye una s&#xED;ntesis de la informaci&#xF3;n disponible de la especie, publicada o no.</subfield>
  </datafield>
  <datafield tag="650" ind1=" " ind2=" ">
    <subfield code="a">Fauna</subfield>
    <subfield code="9">29057</subfield>
  </datafield>
  <datafield tag="650" ind1=" " ind2=" ">
    <subfield code="a">Conservaci&#xF3;n</subfield>
    <subfield code="9">29058</subfield>
  </datafield>
  <datafield tag="650" ind1=" " ind2=" ">
    <subfield code="a">Variables ambientales</subfield>
    <subfield code="9">5226</subfield>
  </datafield>
  <datafield tag="650" ind1=" " ind2=" ">
    <subfield code="a">Factores de especializaci&#xF3;n</subfield>
    <subfield code="9">5227</subfield>
  </datafield>
  <datafield tag="650" ind1=" " ind2=" ">
    <subfield code="a">Vegetaci&#xF3;n</subfield>
    <subfield code="9">29059</subfield>
  </datafield>
  <datafield tag="650" ind1=" " ind2=" ">
    <subfield code="a">H&#xE1;bitat</subfield>
    <subfield code="9">29060</subfield>
  </datafield>
  <datafield tag="650" ind1=" " ind2=" ">
    <subfield code="a">Educaci&#xF3;n ambiental</subfield>
    <subfield code="9">162</subfield>
  </datafield>
  <datafield tag="650" ind1=" " ind2=" ">
    <subfield code="a">H&#xE1;bitat</subfield>
    <subfield code="9">29062</subfield>
  </datafield>
  <datafield tag="662" ind1=" " ind2=" ">
    <subfield code="a">Colombia</subfield>
    <subfield code="c">Eje Cafetero</subfield>
  </datafield>
  <datafield tag="662" ind1=" " ind2=" ">
    <subfield code="a">Colombia</subfield>
    <subfield code="c">Parque Nacional Natural Los Nevados</subfield>
  </datafield>
  <datafield tag="942" ind1=" " ind2=" ">
    <subfield code="c">INFORME</subfield>
    <subfield code="2">z</subfield>
    <subfield code="0">1</subfield>
  </datafield>
  <datafield tag="945" ind1=" " ind2=" ">
    <subfield code="d">2007-08-16</subfield>
  </datafield>
  <datafield tag="999" ind1=" " ind2=" ">
    <subfield code="c">5853</subfield>
    <subfield code="d">5853</subfield>
  </datafield>
  <datafield tag="952" ind1=" " ind2=" ">
    <subfield code="0">0</subfield>
    <subfield code="1">0</subfield>
    <subfield code="2">z</subfield>
    <subfield code="4">0</subfield>
    <subfield code="7">0</subfield>
    <subfield code="8">HUMBOLDT</subfield>
    <subfield code="I">INV2017</subfield>
    <subfield code="a">Villa</subfield>
    <subfield code="b">Bogota</subfield>
    <subfield code="d">2005-11-15</subfield>
    <subfield code="l">1</subfield>
    <subfield code="o">IAVH-00611</subfield>
    <subfield code="p">022253</subfield>
    <subfield code="r">2024-08-09 00:00:00</subfield>
    <subfield code="s">2016-02-08</subfield>
    <subfield code="t">Ej. 1</subfield>
    <subfield code="w">2012-12-04</subfield>
    <subfield code="x">Dep&#xF3;sito Institucional</subfield>
    <subfield code="y">INFORME</subfield>
  </datafield>
</record>
